| 000 | 00587ntaaa2200193 4500 | ||
|---|---|---|---|
| 003 | 01 | ||
| 005 | 20251027202337.0 | ||
| 008 | 0714s1973 ag 01 | ||
| 040 |
_aAR-BaBN _bspa _cAR-BaBN _eaacr _dRIC |
||
| 082 | _a296.0900 Sa2 | ||
| 100 |
_aSaidel, Miguel _922056 |
||
| 245 | _aInterpretación de la historia del pueblo judío | ||
| 250 | _a1 ed. | ||
| 260 |
_aBuenos Aires : _bEditorial Diálogo, _c1968 |
||
| 300 | _a206 p | ||
| 500 | _aDiálogo del pueblo bíblico con los demás pueblos, desde sus orígenes hasta el surgimiento de Israel | ||
| 650 |
_aJudío _922057 |
||
| 942 | _cBK | ||
| 999 |
_c18286 _d18286 |
||